000 00200 a2200097 4500
001 35139
100 _aN A S
245 _aPhalsafa Tauheed
260 _aLahore
_bFeroz Sons
_c
090 _c23283
_d23283
942 _aNUST-CAE
_cM
_c14762
999 _c270212
_d270212